Statistiques concernant Etats des Etats-Unis, frontaliers avec un autre Pays

Cliquez ici pour prendre le quiz!

Statistiques générales

  • Ce quiz a été pris 197 fois
  • Le résultat moyen est 13 sur 15

Statistiques - réponses

Réponse% Correct
Texas
99%
Californie
95%
Nouveau-Mexique
95%
Washington
95%
Arizona
93%
Dakota du Nord
91%
Maine
90%
Michigan
89%
Montana
87%
Vermont
86%
Minnesota
83%
New York
81%
Idaho
80%
New Hampshire
77%
Alaska
66%

Distribution des résultats

Percentile par nombre de réponses

% des personnes avec chaque résultat

Votre développement - résultats

Vous n’avez pas pris ce quiz